| 000 | 00698cam a22002413a 4500 | ||
|---|---|---|---|
| 001 | 18781 | ||
| 003 | PGUSA | ||
| 005 | 20140828083411.0 | ||
| 008 | 060707s2006||||xxu|||||s|||||000 p eng d | ||
| 040 |
_aPGUSA _beng |
||
| 042 | _adc | ||
| 050 | 4 | _aPR | |
| 100 | 1 |
_aMarlowe, Christopher, _d1564-1593 |
|
| 245 | 1 | 0 |
_aHero and Leander _h[electronic resource] / _cChristopher Marlowe |
| 260 |
_bProject Gutenberg, _c2006 |
||
| 506 | _aPublic domain in the USA. | ||
| 516 | _aElectronic text | ||
| 653 | _aLeander (Greek mythology) -- Poetry | ||
| 653 | _aHero (Greek mythology) -- Poetry | ||
| 830 | 0 |
_aProject Gutenberg _v18781 |
|
| 856 | 4 | 0 | _uhttp://www.gutenberg.org/ebooks/18781 |
| 942 | _cEB | ||
| 999 |
_c248036 _d248036 |
||